000 00316nam a22001457a 4500
008 210311b ||||| |||| 00| 0 eng d
020 _a0534010253
041 _aeng
080 _a37
082 _a37
100 _a46
101 _aEDU
245 _aResearch Methods in Education
_cSowell, E. J
942 _2udc
_cBK
999 _c56284
_d56284